|
|
|
|
| LEADER |
01048nam a2200277 u 4500 |
| 001 |
10026305 |
| 003 |
upatras |
| 005 |
20210117205937.0 |
| 008 |
950511s1983 ne eng |
| 020 |
|
|
|a 9027715254
|q (Χαρτόδετο)
|
| 040 |
|
|
|a GR-PaULI
|c GR-PaULI
|
| 041 |
0 |
|
|a eng
|
| 050 |
|
4 |
|a 82-21477
|
| 245 |
1 |
0 |
|a Space, time, and mechanics
|b Basic structures of a physical theory
|c Edited by D. Mayr and G. Sussmann
|
| 260 |
|
|
|a Dordrecht
|b D. Reidel Publishing Company
|c 1983
|
| 300 |
|
|
|a xv, 245 p.
|
| 490 |
0 |
|
|a Synthese library
|v 163
|
| 505 |
1 |
|
|a includes index
|
| 650 |
|
4 |
|a Γενική σχετικότητα (Φυσική)
|9 335
|
| 700 |
1 |
|
|a Mayr, D.
|9 152207
|
| 700 |
1 |
|
|a Sussmann, G.
|9 152208
|
| 760 |
1 |
|
|a Synthese library
|g 163
|
| 852 |
|
|
|a GR-PaULI
|b ΠΑΤΡΑ
|b ΦΥΣΙΚΟ
|k ΑΕΧ-1
|h 530.12 MAY
|m 01841
|p 025000018359
|t 1
|
| 942 |
|
|
|2 ddc
|c BK15
|
| 952 |
|
|
|0 0
|1 0
|4 0
|6 530_120000000000000_MAY
|7 0
|9 196445
|a PHYS
|b PHYS
|d 2016-04-24
|i 01841
|l 0
|o 530.12 MAY
|p 025000018359
|r 2016-04-24 00:00:00
|t 1
|w 2016-04-24
|y BK15
|
| 999 |
|
|
|c 120514
|d 120514
|